000 00645nam a2200241Ia 4500
003 OSt
005 20221007081928.0
006 a|||||r|||| 00| 0
007 ta
008 221006b |||||||| |||| 00| 0 eng d
024 _a26,453
037 _cTextual
040 _aFLL
_cFLL
_beng
041 _2eng
_aeng
082 _aZ73:6y7, J1
100 _aLorenzen Ernest G.
_9698317
245 0 _aCases on conflict of laws
250 _a6th
260 _aSt. Paul ,
_bMinn. West Publishing Co. St. Minn
_c1951
300 _alii,1-918p
_ccm.
942 _hZ73:6y7, J1
_cTEXL
_2CC
999 _c1164739
_d1164739